|
|
|
|
| LEADER |
01195nam a2200325 a 4500 |
| 001 |
14002578 |
| 008 |
120627r2004 enka b 000 1 eng d |
| 010 |
|
|
|a 2005276746
|
| 040 |
|
|
|a UKM
|c UKM
|d DLC
|d BD-DhAAL
|
| 016 |
7 |
|
|a 011619457
|2 Uk
|
| 020 |
|
|
|a 0521752116 (pbk)
|
| 020 |
|
|
|a 9780521752114
|
| 035 |
|
|
|a (OCoLC)ocm48782567
|
| 042 |
|
|
|a lcac
|a lccopycat
|
| 082 |
0 |
4 |
|a 428.6
|2 21
|
| 100 |
1 |
|
|a Bradman, Tony.
|
| 245 |
1 |
0 |
|a This is the register /
|c Tony Bradman ; illustrated by Priscilla Lamont.
|
| 250 |
|
|
|a Cambridge storybooks ed.
|
| 260 |
|
|
|a Cambridge ;
|a New York :
|b Cambridge University Press,
|c 2004.
|
| 300 |
|
|
|a 16 p. :
|b col. ill. ;
|c 23 cm.
|
| 490 |
0 |
|
|a Cambridge storybooks
|
| 500 |
|
|
|a Originally published: 1996.
|
| 541 |
1 |
|
|e 00025465
|
| 650 |
|
0 |
|a Readers (Elementary)
|
| 650 |
|
1 |
|a Schools
|v Fiction.
|
| 650 |
|
1 |
|a Stories in rhyme.
|
| 700 |
1 |
|
|a Lamont, Priscilla,
|e ill.
|
| 852 |
1 |
|
|a Ayesha Abed library
|c General Shelf
|
| 999 |
|
|
|c 12451
|d 12451
|
| 952 |
|
|
|0 0
|1 0
|2 ddc
|4 0
|6 428_600000000000000_BRA
|7 0
|9 20598
|a BRACUL
|b BRACUL
|c GEN
|d 2012-07-02
|e Karim International
|g 514.75
|l 0
|o 428.6 BRA
|p 3010025465
|r 2012-07-02
|t 1
|w 2012-07-02
|y BK
|x Transferred from BIL to BRACUL on 06/06/22
|